[Event "Pontevedra op 5th"]
[Site "Pontevedra"]
[Date "2017.08.10"]
[Round "3"]
[White "Firat, Burak"]
[Black "Bouzas Bello, Rafael"]
[Result "1-0"]
[WhiteElo "2482"]
[BlackElo "1621"]
[PlyCount "55"]
[EventDate "2017.08.08"]
[EventType "swiss"]
[EventRounds "9"]
[EventCountry "ESP"]
[SourceTitle "CBM 179 Extra"]
[Source "ChessBase"]
[SourceDate "2017.08.23"]
[SourceVersion "1"]
[SourceVersionDate "2017.08.23"]
[SourceQuality "1"]

1. Nf3 d5 2. g3 Nf6 3. Bg2 c5 4. 0-0 Nc6 5. d4 e6 6. c4 Be7 7. cxd5 Nxd5 8. dxc5 Bxc5 9. Qc2 Bb6 10. Na3 0-0 11. Nc4 Nd4 12. Nxd4 Bxd4 13. e3 Bf6 14. Bd2 Bd7 15. Rac1 Rc8 16. Qb3 Bc6 17. Rfd1 b6 18. e4 Ne7 19. Bf4 Qe8 20. Nd6 Qd7 21. Nxc8 Qxc8 22. e5 Bxe5 23. Bxe5 Qb7 24. Bxc6 Nxc6 25. Bxg7 Kxg7 26. Qc3+ Kg8 27. Qxc6 Qb8 28. Qc7 1-0